000 00444nam a2200181Ia 4500
001 13896
005 20260306164834.0
008 260306t1996||||xx |||||||||||||| ||spa||
041 _aESP
082 _a005.43
_bT19S 1996
100 _aTanenbaum, Andrew S.
_eAUT
245 0 _aSistemas operativos distribuidos
260 _c1996
300 _axviii, 617 páginas :
_c23 cm.
650 _aGEN
654 _aCCC
942 _cLIB
_dJUS
_fJUS
_2ddc
_n
999 _c13896
_d13896